000 00548nam a2200181Ia 4500
005 20260223113124.0
008 240806s9999||||xx |||||||||||||| ||eng||
041 _ahin
082 _a891.4309
_bPANS
100 _aPandey, Manager
245 0 _aSahitya aur itihas drishti /
_cPandey, Manager
250 _a5th ed.
260 _aNew Delhi:
_bVani Prakashan
_c2021
300 _a237p.
650 _aHindi
880 _6245
_aसाहित्य और इतिहास दृष्टि/पाण्डेय, प्रबंधक
942 _cBK
999 _c264
_d264